clash of clans - Statistics

General Stats
  • This quiz has been taken 40 times
  • The average score is 33 of 39
Answer Stats
Hint Answer % Correct
barracks lv2 archer
100%
barracks lv1 barbarian
100%
barracks lv9 dragon
97%
barracks lv3 giant
97%
barracks lv4 goblin
97%
barracks lv10 P.E.K.K.A
94%
barracks lv5 wall breaker
94%
barracks lv6 balloon
91%
dark barracks lv4 golem
91%
barracks lv8 healer
91%
dark barracks lv2 hog rider
91%
dark barracks lv1 minion
91%
barracks lv7 wizard
91%
barracks lv11 baby dragon
89%
dark barracks lv5 witch
89%
dark barracks lv7 bowler
86%
barracks lv13 electro dragon
86%
dark barracks lv6 lava hound
86%
dark spell factory lv 4 skeleton
86%
dark barracks lv3 valkyrie
86%
hero th 9 archer queen
83%
hero th 7 barbarian king
83%
dark spell factory lv 5 bat
83%
dark spell factory lv 2 earthquake
83%
hero th 11 grand warden
83%
spell factory lv 2 healing
83%
dark barracks lv8 ice golem
83%
spell factory lv 1 lightning
83%
barracks lv12 miner
83%
dark spell factory lv 1 poison
83%
spell factory lv 3 rage
83%
spell factory lv 5 clone
80%
spell factory lv 4 freeze
80%
spell factory lv 4 jump
80%
dark spell factory lv 3 haste
77%
hero bt 5 battle machine
71%
workshop lv 1 wall wrecker
69%
workshop lv 2 battle blimp
63%
workshop lv 3 stone slammer
63%
No matching quizzes found
Score Distribution
Percent of People with Each Score
Percentile by Number Answered
Your Score History
You have not taken this quiz